00274nam a2200109Ia 4500008004100000020001500041041000800056100002600064245003100090260003500121300000800156230724s2000 xx und d a0376010460 aeng aCHRISTINE OLSON GEDYE aIDEAS FOR GREAT BABY ROOMS bSUNSET BOOKS, CALIFORNIAc2000 a598